| 000 | 00596cab a2200241 4500 | ||
|---|---|---|---|
| 001 | A369 | ||
| 008 | 090401t1983 xxu||||| |||| 00| 0 eng d | ||
| 035 | _a(Sirsi) u28749 | ||
| 041 | _aeng | ||
| 100 | _aColam, M. | ||
| 245 | 4 | _aThe single rate valuation of leaseholds | |
| 260 | _c1983 | ||
| 350 | _a0 | ||
| 490 |
_aJournal of Valuation _v(1983) 2JV |
||
| 650 | _aLEASEHOLD INTERESTS | ||
| 650 | _aLEASEHOLD VALUATIONS | ||
| 650 | _aMARRIAGE VALUE | ||
| 650 | _aSINKING FUNDS | ||
| 650 | _aVALUATION METHODS | ||
| 690 | _aRATING AND VALUATION | ||
| 942 | _n0 | ||
| 948 | _c04/03/1997 | ||
| 999 |
_c19333 _d19333 |
||